Ecology,economy and tribal development / (Record no. 123059)

MARC details
000 -LEADER
fixed length control field 00901nam a22002657a 4500
003 - CONTROL NUMBER IDENTIFIER
control field 0
005 - DATE AND TIME OF LATEST TRANSACTION
control field 20180727130755.0
008 - FIXED-LENGTH DATA ELEMENTS--GENERAL INFORMATION
fixed length control field 0
010 ## - LIBRARY OF CONGRESS CONTROL NUMBER
LC control number B-58826
020 ## - INTERNATIONAL STANDARD BOOK NUMBER
International Standard Book Number 8174451560
Terms of availability 460.00
035 ## - SYSTEM CONTROL NUMBER
System control number B-58826, B-058827
037 ## - SOURCE OF ACQUISITION
Source of stock number/acquisition Cen Lib/Ret
040 ## - CATALOGING SOURCE
Original cataloging agency DPL
Language of cataloging EN
Transcribing agency 0
082 ## - DEWEY DECIMAL CLASSIFICATION NUMBER
Classification number 307.72
Item number KOL
100 ## - MAIN ENTRY--PERSONAL NAME
Personal name Kolay,Swapan Kumar
9 (RLIN) 3919
245 ## - TITLE STATEMENT
Title Ecology,economy and tribal development /
Statement of responsibility, etc by Swapan Kumar Kolay
260 ## - PUBLICATION, DISTRIBUTION, ETC. (IMPRINT)
Place of publication, distribution, etc New Delhi
Name of publisher, distributor, etc Mohit Publications
Date of publication, distribution, etc 2001
270 ## - ADDRESS
Address 4675/21,Ansari Road,Dariya Ganj
City New Delhi
Postal code 110002
300 ## - PHYSICAL DESCRIPTION
Extent vii,213p.
Dimensions 22cm(Hb)
500 ## - GENERAL NOTE
General note Includes index
650 ## - SUBJECT ADDED ENTRY--TOPICAL TERM
Topical term or geographic name as entry element Tribal Panorama-India
9 (RLIN) 3920
650 ## - SUBJECT ADDED ENTRY--TOPICAL TERM
Topical term or geographic name as entry element Socio-Economic Observations-Tribals-India
9 (RLIN) 3921
650 ## - SUBJECT ADDED ENTRY--TOPICAL TERM
Topical term or geographic name as entry element सामाजिक-आर्थिक टिप्पणियों-आदिवासियों-भारत
9 (RLIN) 3922
942 ## - ADDED ENTRY ELEMENTS (KOHA)
Source of classification or shelving scheme Dewey Decimal Classification
Koha item type English Books
Classification part 307.72
Call number suffix KOL
Holdings
Withdrawn status Lost status Damaged status Not for loan Home library Current library Date acquired Source of acquisition Cost, normal purchase price Total Checkouts Full call number Barcode Date last seen Copy number Cost, replacement price Price effective from Koha item type Public note Source of classification or shelving scheme Collection code
Written off       Central Library Central Library 02/06/2015 Cen Lib/Ret 0.00   307.72 KOL B-58826 02/06/2015 1 0.00 02/06/2015 English Books Written off on approval by DLB (By Circulation); dtd 15-06-2023    
        Patel Nagar Patel Nagar 27/07/2018 BPPD/PUB 460.00   307.72 KOL B-058827 27/07/2018   460.00 27/07/2018 English Books   Dewey Decimal Classification Non-fiction

© Delhi Public Library
Hit Counter
free hit counter